Postevení Rusů a ruského jazyka v Izraeli

Imigrácia obyvateľov Ruska, ktorí preukázali svoj židovský pôvod, do Izraela. Najväčšia vlna imigrácie v 90. rokoch 20. storočia. Ruskí prisťahovalci a používanie ruského jazyka. Vplyvná ruská subkultúra. Vplyv ruských imigrantov na izraelskú politickú scénu.

Guardado en:
Detalles Bibliográficos
Autor principal: Jechová, Veronika
Formato: Capítulo de libro
Lenguaje:checo
Materias:
Etiquetas: Agregar Etiqueta
Sin Etiquetas, Sea el primero en etiquetar este registro!

MARC

LEADER 00000naa a2200000 4500
001 0117919
005 20231016094154.6
041 0 |a cze 
044 |a CZ 
245 1 0 |a Postevení Rusů a ruského jazyka v Izraeli  |c Veronika Jechová 
520 |a Imigrácia obyvateľov Ruska, ktorí preukázali svoj židovský pôvod, do Izraela. Najväčšia vlna imigrácie v 90. rokoch 20. storočia. Ruskí prisťahovalci a používanie ruského jazyka. Vplyvná ruská subkultúra. Vplyv ruských imigrantov na izraelskú politickú scénu. 
610 2 0 |a jazyky cudzie 
610 2 0 |a ruština 
610 2 0 |a imigrácia 
610 2 0 |a migrácia 
610 2 0 |a kultúra 
610 2 0 |a politika 
610 2 0 |a Rusko 
610 2 0 |a Izrael 
100 1 |a Jechová, Veronika